000 00585nam a22002177a 4500
003 OSt
005 20140311161021.0
008 130219t xxu||||| |||| 00| 0 eng d
020 _a9712307379
050 _aPL 6164.8
_b.C932 2004
082 _aFIL 899.211
_bR52 2004
245 _aPanitikang pambata. : kasaysayan at halimbawa.
_cCrisanto, Rivera C.
260 _a Manila
_bPublished by Rex Bookstore
300 _a138 p.
_c 22 cm.
521 _acollege students
526 _c1210L-1700L
541 _j1
541 _j2
562 _e2
942 _2lcc
_cBK
_kFIL
999 _c18485
_d18485